00406pab a2200145 454500008004000000100002600040245008100066260000900147300001200156362001000168650001700178650001300195650003200208773002000240180718b2015 xxu||||| |||| 00| 0 eng d aChaudhary, Amar Kumar aStrategic human resource management of post retrial teachers in universities c2015 ap.9-11. a8 Jun aUniversities aTeachers aHuman resources development aUniversity News